000 00335nam a2200145Ia 4500
008 191201s2005 xx 000 0 und d
082 _a620.11
_bNAM
100 _aNARULA, G K
245 0 _aMaterials Science
250 _a23th
260 _aN.Delhi
_bTata Mc Graw Hill
_c2005
300 _a392
650 _aB.Tech(ME)
942 _2ddc
_cBK
999 _c981
_d981